Cast of Named Characters in the Book of Job - Bible - Statistics

General Stats
  • This quiz has been taken 73 times
  • The average score is 5 of 12
Answer Stats
Hint Answer % Correct
Main Human Character Job
95%
Main Supernatural Character God/LORD
93%
Villain Satan
91%
"Friend" Bildad the Shuhite
34%
"Friend" Eliphaz the Temanite
34%
"Friend" Elihu
32%
"Friend" Zophar the Naamathite
25%
Daughter Jemimah
20%
Daughter Keziah
16%
Daughter Karen-Happuch
9%
Family of Ram
2%
Son of Barachel the Buzite
0%
No matching quizzes found
Score Distribution
Percent of People with Each Score
Percentile by Number Answered
Your Score History
You have not taken this quiz